Owners object to cramped housing (Record no. 71278)

MARC details
000 -LEADER
fixed length control field 01097cam a2200253 4500
001 - CONTROL NUMBER
control field WB3836-11
008 - FIXED-LENGTH DATA ELEMENTS--GENERAL INFORMATION
fixed length control field 021002n2002 000 0 eng u
035 ## - SYSTEM CONTROL NUMBER
System control number (Sirsi) u119957
245 ## - TITLE STATEMENT
Title Owners object to cramped housing
260 ## - PUBLICATION, DISTRIBUTION, ETC.
Date of publication, distribution, etc. 2002
490 ## - SERIES STATEMENT
Series statement House Builders Federation Press Release
Volume/sequential designation 22 September 2002, (2)
520 ## - SUMMARY, ETC.
Summary, etc. The annual survey by the House Builders Federation and Halifax plc, published last week, shows that homeowners resent living in high-density, mixed tenure developments. Implementation of PPG3 is held to blame for the cramped conditions in new developments which have to rely on car travel but have inadequate parking space. "New homes today" can be found on the HBF website, http://www.hbf.co.uk/uploads/newspdf/nhmbhalifax_report.pdf
590 ## - LOCAL NOTE (RLIN)
Local note WB
650 ## - SUBJECT ADDED ENTRY--TOPICAL TERM
Topical term or geographic name entry element NEW HOUSING
650 ## - SUBJECT ADDED ENTRY--TOPICAL TERM
Topical term or geographic name entry element HOUSE BUILDING
650 ## - SUBJECT ADDED ENTRY--TOPICAL TERM
Topical term or geographic name entry element PPG3
650 ## - SUBJECT ADDED ENTRY--TOPICAL TERM
Topical term or geographic name entry element HOUSING DEVELOPMENTS
650 ## - SUBJECT ADDED ENTRY--TOPICAL TERM
Topical term or geographic name entry element SURVEYS
650 ## - SUBJECT ADDED ENTRY--TOPICAL TERM
Topical term or geographic name entry element TRANSPORT
650 ## - SUBJECT ADDED ENTRY--TOPICAL TERM
Topical term or geographic name entry element CAR PARKING
690 ## - LOCAL SUBJECT ADDED ENTRY--TOPICAL TERM (OCLC, RLIN)
Topical term or geographic name as entry element HOUSING
856 ## - ELECTRONIC LOCATION AND ACCESS
Host name http://www.hbf.co.uk/content/news/web_news_view.asp?ID=230
942 ## - ADDED ENTRY ELEMENTS (KOHA)
Suppress in OPAC 0
Holdings
Withdrawn status Lost status Source of classification or shelving scheme Damaged status Not for loan Home library Current library Shelving location Date acquired Total Checkouts Full call number Barcode Date last seen Copy number Price effective from Koha item type
    Dewey Decimal Classification     London London News article 02/10/2002   WB3836-11 119957-1001 06/08/2019 1 06/08/2019 News article